Catálogo
 En Linea

An Anthology of contemporary Chinese literature : (Registro nro. 17517)

Detalles MARC
000 -CABECERA
campo de control de longitud fija 01003cam a2200253 i 4500
001 - NÚMERO DE CONTROL
campo de control 000017995
005 - FECHA Y HORA DE LA ÚLTIMA TRANSACCIÓN
campo de control 20200929165316.0
008 - DATOS DE LONGITUD FIJA--INFORMACIÓN GENERAL
campo de control de longitud fija 760826s1977 ch r 000 0 eng
040 ## - FUENTE DE LA CATALOGACIÓN
Centro catalogador/agencia de origen DO-SdBNP
Lengua de catalogación spa
Centro/agencia transcriptor BNPHU
082 ## - NÚMERO DE LA CLASIFICACIÓN DECIMAL DEWEY
Número de clasificación xxxx
Número de documento/Ítem xxxx
245 00 - MENCIÓN DE TÍTULO
Título An Anthology of contemporary Chinese literature :
Resto del título Taiwan, 1949-1974 /
Mención de responsabilidad, etc. edición y compilación Chi Pang-yuan, John J. Deeney, Ho Hsin, Wu Hsi-chem y Yü Kwang-chung.
260 ## - PUBLICACIÓN, DISTRIBUCIÓN, ETC.
Lugar de publicación, distribución, etc. Taipei :
Nombre del editor, distribuidor, etc. National Institute for Compilation and Translation,
Fecha de publicación, distribución, etc. 1977.
300 ## - DESCRIPCIÓN FÍSICA
Extensión 2 v. ;
Dimensiones 23 cm.
504 ## - NOTA DE BIBLIOGRAFÍA, ETC.
Nota de bibliografía, etc. Incluye referencias bibliográficas y notas al pie de las páginas.
590 ## - NOTA LOCAL (RLIN)
Nota local Inventariado, 2019/BT
650 #0 - PUNTO DE ACCESO ADICIONAL DE MATERIA--TÉRMINO DE MATERIA
Término de materia o nombre geográfico como elemento de entrada Chinese literature
Subdivisión general Translations into english.
9 (RLIN) 39007
651 #0 - PUNTO DE ACCESO ADICIONAL DE MATERIA--NOMBRE GEOGRÁFICO
Nombre geográfico Taiwan
Subdivisión general Literary Collections.
9 (RLIN) 39008
650 #0 - PUNTO DE ACCESO ADICIONAL DE MATERIA--TÉRMINO DE MATERIA
Término de materia o nombre geográfico como elemento de entrada Chinese literature
Subdivisión geográfica Taiwan.
9 (RLIN) 39009
700 1# - PUNTO DE ACCESO ADICIONAL--NOMBRE DE PERSONA
Nombre de persona Chi, Pang-Yuan
9 (RLIN) 39010
700 1# - PUNTO DE ACCESO ADICIONAL--NOMBRE DE PERSONA
Nombre de persona Deeney, John J.
9 (RLIN) 39011
700 1# - PUNTO DE ACCESO ADICIONAL--NOMBRE DE PERSONA
Nombre de persona Ho, Hsin
9 (RLIN) 39012
700 1# - PUNTO DE ACCESO ADICIONAL--NOMBRE DE PERSONA
Nombre de persona Wu, Hsi-chen
9 (RLIN) 39013
700 1# - PUNTO DE ACCESO ADICIONAL--NOMBRE DE PERSONA
Nombre de persona Yü, Kwang-Chung
9 (RLIN) 39014
Existencias
Estado de retiro Estado de pérdida Restricciones de uso No para préstamo Código de colección Localización permanente Ubicación/localización actual Ubicación en estantería Fecha de adquisición Número de inventario Total de préstamos Signatura topográfica completa Código de barras Fecha visto por última vez Precio válido a partir de Tipo de ítem Koha
      Excluido de préstamo Monografías: Libros y Folletos General General Depósito 08.04.2010 LF1   v.1 17995-10 25.06.2020 25.06.2020 No se presta
      Excluido de préstamo Monografías: Libros y Folletos General General Depósito 09.04.2010 LF1   v.2 17995-20 25.06.2020 25.06.2020 No se presta

Con tecnología Koha